000 00474nam a2200181Ia 4500
001 23905
005 20260414151008.0
008 260414t2023||||xx |||||||||||||| ||spa||
041 _aESP
082 _a720.973
_bV46
100 _aVenturi, Robert,
_eAUT
245 0 _aAprendiendo de Las Vegas :
_bl simbolismo olvidado de la forma arquitectónica
260 _c2023
300 _a205 páginas :
_c23 cm.
650 _aABD
654 _aCAU
942 _cLIB
_dJUS
_fJUS
_2ddc
_n
999 _c23905
_d23905